000 00724nam a22002177a 4500
003 OSt
005 20230629100801.0
008 170318s2016 gt||||| |||| 00| 0 spa d
040 _cLado V
082 0 4 _a700
_bJ91a
100 _aJuarez M., Juan Bautista
_9861
_eeditor
245 1 0 _aArtefacto/
_bRevista de Arte y Cultura en Blanco y Negro/
260 _aNicaragua
_bArtes Graficas y Ediciones
_c2002
300 _a115p.
_c22x28 cm
490 _a20
_v2002
650 _2Tesauro de Arte & Arquitectura
_aARTE
650 _2Tesauro de Arte & Arquitectura
_aCULTURA
650 _2Tesauro de Arte & Arquitectura
_aLITERATURA
700 1 _aSvankmajer.
_eilustrador.
_95749
942 _2ddc
_c1
_h700
_iJ91a
_n0
999 _c3972
_d3972